000 00395nam a2200169Ia 4500
008 230524s9999 xx 000 0 und d
020 _a9789380422510
082 _a537
_bMOQ
100 _aMd. Moquim
_941965
245 0 _aEngineering Physics
250 _a1
260 _aBBSR
_bBK Publication
_c2013
300 _a356p;
500 _aQuantity Number: 1
650 _aPhysics
942 _cBK
999 _c56380
_d56380